000 00842nam a22002057a 4500
005 20210325174016.0
008 s2528 th tha d
041 _atha
050 _aDS578.3 ส852น 2528
100 0 _aสุรพล นพดล
245 1 0 _aนักการเมืองที่ควรมอง 14 ส.ส.คนดัง
260 3 _aกรุงเทพฯ :
_bสยามสปอร์ตพับลิชชิ่ง,
_c2528
300 _a85 หน้า :
_b ภาพประกอบ ;
_c 26 ซม.
650 0 4 _aนักการเมือง -- ไทย
650 0 4 _aสมาชิกสภาผู้แทนราษฎร
850 _aNALT
942 _cGB
997 _c000000000002902
998 _aนางสาวเบญจลักษณ์ สุทธิวิไล
999 _c2902
_d2902